| 000 | 00480nam a2200181Ia 4500 | ||
|---|---|---|---|
| 008 | 231221s9999 xx 000 0 und d | ||
| 020 | _a9780000000000 | ||
| 041 | _aEnglish | ||
| 082 | _a001.6424 MAR;11 | ||
| 100 | _aMartin, John C. | ||
| 245 | 0 | _aIntroduction to languages and the theory of computation | |
| 250 | _a3rd ed. | ||
| 260 |
_c2003 _bTata McGraw-Hill _aNew Delhi |
||
| 300 | _axiii, 543 | ||
| 300 | _c79550 | ||
| 650 | _alanguages,computation | ||
| 942 | _cCD | ||
| 999 |
_c213332 _d213332 |
||